| 000 | 00512nam a22001937a 4500 | ||
|---|---|---|---|
| 003 | NUST-PNEC | ||
| 005 | 20170116180742.0 | ||
| 008 | 141223b xxu||||| |||| 00| 0 eng d | ||
| 020 | _a8129700875 | ||
| 040 | _cPNEC | ||
| 082 |
_24th _a153.8 BEC |
||
| 100 |
_91144 _aBeck Robert C |
||
| 245 |
_aMotivation theories & principles _crobert C Beck |
||
| 260 |
_aDehli _bpearson Education _cc.2003 |
||
| 300 |
_axvi, 477 p. : _bill. ; _c23 cm. |
||
| 500 | _aIncludes index. | ||
| 650 | _xGeneral | ||
| 942 |
_2ddc _cBK |
||
| 999 |
_c62217 _d62217 |
||